| 000 | 00447nam a22001817a 4500 | ||
|---|---|---|---|
| 003 | MPLRDC | ||
| 005 | 20220104114122.0 | ||
| 008 | 210129b ||||| |||| 00| 0 eng d | ||
| 020 | _a962-429-144-6 | ||
| 082 | _a782.879 PJ | ||
| 100 | _a爱新觉罗. 溥杰 口述 | ||
| 245 |
_a溥杰自传 _c叶祖孚 执笔 |
||
| 250 | _a初版 | ||
| 260 |
_a _b繁荣出版社 _c1994 |
||
| 300 | _b平 | ||
| 650 | _a溥杰传记 | ||
| 942 |
_cBK _o782.879 PJ |
||
| 999 |
_c4961 _d4951 |
||